000
00325nam a22001337a 4500
008
181217b xxu||||| |||| 00| 0 eng d
020
_a
471372242
041
_a
eng
080
_a
510
100
_a
36
101
_a
MAT
245
_a
Discreet Variable Methods in Ordinary Differential Equations
_c
Henrici,P
942
_2
udc
_c
BK
999
_c
53321
_d
53321